| 000 | 00412nam a2200169Ia 4500 | ||
|---|---|---|---|
| 008 | 230524s9999 xx 000 0 und d | ||
| 020 | _a0195690877 | ||
| 082 |
_a658.45 _bBED |
||
| 100 | _aKanishka Bedi | ||
| 245 | 0 | _aProduction and Operations Management | |
| 250 | _a2ND | ||
| 260 |
_aNEW DELHI _bOxford _c2008 |
||
| 300 | _aXVI;784 | ||
| 500 | _aQuantity Number: 5 | ||
| 650 | _aManagement | ||
| 942 | _cBK | ||
| 999 |
_c41180 _d41180 |
||